Quiz sur les Pokémon ! - Statistiques

Statistiques générales
  • Ce quiz a été pris 66 fois
    54 depuis la dernière actualisation
  • Le résultat moyen est 9 sur 10
Statistiques - réponses
Question Réponse % Correct
Lequel de ces Pokémon est de type Feu ? Magmar
96%
De quelles couleurs est Marill ? Bleue et blanche
94%
Lequel de ces Pokémon ne vit pas dans l'eau ? Bekipan
90%
De quel type est Roucarnage ? Vol
90%
Lequel de ces Pokémon est le plus gros ? Wailord
86%
De quelles couleurs est Darkrai ? Noire et rouge
84%
Lequel de ces Pokémon n'est pas Légendaire ? Elektek
82%
Lequel de ces Pokémon est Légendaire ? Shaymin
80%
Lequel de ces Pokémon est de type Herbe ? Arcko
76%
Lequel de ces Pokémon est de type Acier ? Bastiodon
74%
Aucun quiz correspondant
Distribution des résultats
% des personnes avec chaque résultat
Percentile par nombre de réponses
Votre historique - résultats
Vous n’avez pas pris ce quiz depuis la dernière actualisation